UBT Library

Women world leaders : (Record no. 40384)

000 -LEADER
fixed length control field 00850cam a2200265 a 4500
001 - CONTROL NUMBER
control field 3519240
005 - DATE AND TIME OF LATEST TRANSACTION
control field 20180116092501.0
008 - FIXED-LENGTH DATA ELEMENTS--GENERAL INFORMATION
fixed length control field 951128s1995 enkb b 001 0ceng d
010 ## - LIBRARY OF CONGRESS CONTROL NUMBER
LC control number 95227356
015 ## - NATIONAL BIBLIOGRAPHY NUMBER
National bibliography number GB95-84671
020 ## - INTERNATIONAL STANDARD BOOK NUMBER
International Standard Book Number 0044409044 :
Terms of availability £15.99
035 ## - SYSTEM CONTROL NUMBER
System control number (OCoLC)33406322
040 ## - CATALOGING SOURCE
Original cataloging agency Uk
Transcribing agency Uk
Modifying agency IDeKN
-- DLC
041 ## - LANGUAGE CODE
Language code of text/sound track or separate title eng
042 ## - AUTHENTICATION CODE
Authentication code lccopycat
080 ## - UNIVERSAL DECIMAL CLASSIFICATION NUMBER
Universal Decimal Classification number 324.082 LIS
082 00 - DEWEY DECIMAL CLASSIFICATION NUMBER
Classification number 324.082 LIS
Edition number 21
100 1# - Rafti
Rafti 19
101 ## - Shkurtesa
Shkurtesa POL
245 10 - TITLE STATEMENT
Title Women world leaders :
Statement of responsibility, etc Laura A. Liswood.
504 ## - BIBLIOGRAPHY, ETC. NOTE
Bibliography, etc Includes bibliographical references and index.
906 ## - LOCAL DATA ELEMENT F, LDF (RLIN)
a 7
b cbc
c copycat
d 2
e ncip
f 19
g y-gencatlg
942 ## - ADDED ENTRY ELEMENTS (KOHA)
Source of classification or shelving scheme
Item type Books
Holdings
Withdrawn status Lost status Source of classification or shelving scheme Damaged status Not for loan Collection code Permanent location Current location Shelving location Date acquired Total Checkouts Full call number Barcode Date last seen Price effective from Koha item type
          Koleksioni i përgjithshem UBT - Lipjan UBT - Lipjan Koleksioni i përgjithshem 01/16/2018   324.082 LIS 002-2995704 01/16/2018 01/16/2018 Books
UBT Library © 2015-2024. All rights reserved University Education for Business and Technology